| 000 | 01114cam a2200229 4500 | ||
|---|---|---|---|
| 001 | ABS63894 | ||
| 008 | 000000n2001 000 0 eng u | ||
| 035 | _a(Sirsi) u112225 | ||
| 100 | _aHamson, L. | ||
| 245 | _aWill online mean on time? | ||
| 260 | _c2001 | ||
| 490 |
_aProperty Week _v(6696) 20 April 2001, 68-69(2) |
||
| 520 | _aReports on two new online systems which promise to allow users to submit a planning appliction online. ukplanning.com by I-documentsystems which is launched very shortly and will allow users to submit the application and all subsequent documents electronically and then track and monitor the application through its lifecycle. The Planning Inspectorate is issuing its own version of the service shortly with the backing of central government. With a flow chart of how an online application might proceed. | ||
| 590 | _aABS | ||
| 650 | _aONLINE PLANNING | ||
| 650 | _aI-DOCUMENTSYSTEMS | ||
| 650 | _aUKPLANNING.COM | ||
| 650 | _aPLANNING APPLICATIONS | ||
| 650 | _aLOCAL COUNCILS | ||
| 690 | _aENVIRONMENTAL AND LAND CONSULTANCY-PLANNING AND DEVELOPMENT | ||
| 942 | _n0 | ||
| 999 |
_c66834 _d66834 |
||